Flags of European Countries In 1914 Quiz - Statistics

General Stats
  • This quiz has been taken 424 times
  • The average score is 17 of 22
Answer Stats
Picture Answer % Correct
Albania
94%
Belgium
87%
France
85%
Denmark
83%
Greece
83%
Italy
82%
Russia
81%
Bulgaria
80%
Norway
80%
Portugal
80%
Spain
80%
Sweden
80%
Luxembourg
79%
Netherlands
79%
Ottoman Empire
79%
Serbia
79%
Switzerland
79%
United Kingdom
79%
Romania
75%
German Empire
72%
Montenegro
67%
Austro-Hungarian Empire
52%
No matching quizzes found
Score Distribution
Percent of People with Each Score
Percentile by Number Answered
Your Score History
You have not taken this quiz